Пропуск в контексте

Теория государства и права: основы научного понимания государства и права, понятийный аппарат учебное пособие

Соответствует требованиям ФГОС ВО по специальности «Правовое обеспечение национальной безопасности». Рассматриваются основные вопросы теории государства и права, дается характеристика основным правовым понятиям. Для проверки знаний обучающихся приводятся тестовые задания. Предназначено для студентов...

Fuld beskrivelse

Сохранить в:
Bibliografiske detaljer
Hovedforfatter: Абрамитов С. А.
Andre forfattere: Андреев Б. С.
Format: Книга
Sprog:Russian
Udgivet: Иркутск ИРНИТУ 2023
Online adgang:https://e.lanbook.com/book/497939
https://e.lanbook.com/img/cover/book/497939.jpg
Tags: Tilføj Tag
Ingen Tags, Vær først til at tagge denne postø!
LEADER 01889nam0a2200289 i 4500
001 497939
003 RuSpLAN
005 20250716194041.0
008 250716s2023 ru gs 000 0 rus
020 |a 978-5-8038-1929-5 
040 |a RuSpLAN 
041 0 |a rus 
044 |a ru 
080 |a 340.12 
084 |a 67.0  |2 rubbk 
245 0 0 |a Теория государства и права: основы научного понимания государства и права, понятийный аппарат  |b учебное пособие  |c Абрамитов С. А.,Андреев Б. С. 
260 |a Иркутск  |b ИРНИТУ  |c 2023 
300 |a 154 с. 
504 |a Библиогр.: доступна в карточке книги, на сайте ЭБС Лань 
520 8 |a Соответствует требованиям ФГОС ВО по специальности «Правовое обеспечение национальной безопасности». Рассматриваются основные вопросы теории государства и права, дается характеристика основным правовым понятиям. Для проверки знаний обучающихся приводятся тестовые задания. Предназначено для студентов специальности «Правовое обеспечение национальной безопасности» всех форм обучения. 
521 8 |a Книга из коллекции ИРНИТУ - Право. Юридические науки 
521 8 |a СЭБ 
100 1 |a Абрамитов С. А. 
700 1 |a Андреев Б. С. 
856 4 |u https://e.lanbook.com/book/497939 
856 4 8 |u https://e.lanbook.com/img/cover/book/497939.jpg 
953 |a https://e.lanbook.com/img/cover/book/497939.jpg